000
00224nam a22000857a 4500
008
161031b xxu||||| |||| 00| 0 eng d
100
_9
992
_a
Mishra.A.etal
245
_a
Basic Science-7
260
_a
New Delhi
_b
B.B. Publications
_c
2012
999
_c
3651
_d
3651